Biblioteca y Centro de Documentación

SERIEs (Registro nro. 26061)

Detalles MARC
000 -CABECERA
Longitud fija campo de control 01371nms a2200397 c 4500
001 - NÚMERO DE CONTROL
Número de control 26061
003 - IDENTIFICADOR DE NÚMERO DE CONTROL
Identificador del número de control ES-MaCES
005 - FECHA Y HORA DE LA ÚLTIMA TRANSACCIÓN
Fecha y hora de la última transacción 20250402135400.0
007 - PHYSICAL DESCRIPTION FIXED FIELD--GENERAL INFORMAT
Campo fijo de descripción física cr |||||||||||
008 - CAMPO FIJO DE DESCRIPCIÓN FIJA--INFORMACIÓN GENERAL
Códigos de información de longitud fija   120305c2010 gw qr gg 0 b0eng d
022 0# - ISSN (INTERNATIONAL STANDARD SERIAL NUMBER)
Número Internacional Normalizado para Publicaciones Seriadas 1869-4195
035 ## - NÚMERO DE CONTROL DEL SISTEMA
Número de control del sistema CES20120000011p
040 ## - FUENTE DE CATALOGACIÓN
Centro catalogador de origen ES-MaCES
Lengua de catalogación spa
Centro transcriptor ES-MaCES
245 00 - MENCIÓN DE TÍTULO
Título SERIEs
Medio Recurso electrónico
Resto del título : journal of the Spanish Economic Association
260 ## - PUBLICACIÓN, DISTRIBUCIÓN, ETC (PIE DE IMPRENTA)
Lugar de publicación, distribución, etc. Heidelberg
Nombre del editor, distribuidor, etc. SpringerOpen
Fecha de publicación, distribución, etc. 2010-
300 ## - DESCRIPCIÓN FÍSICA
Extensión .
310 ## - PERIODICIDAD ACTUAL DE LA PUBLICACIÓN
Periodicidad actual Trimestral
362 1# - DATOS DE LA PUBLICACIÓN Y/O DESIGNACIÓN SECUENCIAL
Fecha de publicación y;o designación secuencial vol. 1, no. 1/2 (Mar. 2010)
500 ## - NOTA GENERAL
Nota general Acceso abierto patrocinado por la Fundación SEPI
500 ## - NOTA GENERAL
Nota general Se requiere: conexión a Internet, navegador WWW y lector Adobe Acrobat
500 ## - NOTA GENERAL
Nota general Modo de acceso: http://www.springerlink.com
541 ## - NOTA DE LA FUENTE INMEDIANTE DE ADQUISICIÓN
Forma de adquisición Donativo
650 #4 - ASIENTO SECUNDARIO DE MATERIA--TÉRMINO DE MATERIA
Término de materia o nombre geográfico como elemento inicial España
9 (RLIN) 26964
650 #4 - ASIENTO SECUNDARIO DE MATERIA--TÉRMINO DE MATERIA
Término de materia o nombre geográfico como elemento inicial condiciones económicas
9 (RLIN) 27081
650 #4 - ASIENTO SECUNDARIO DE MATERIA--TÉRMINO DE MATERIA
Término de materia o nombre geográfico como elemento inicial economía
9 (RLIN) 26781
653 10 - TÉRMINO DE INDEXACIÓN--NO CONTROLADO
Término no controlado Economía
710 2# - ENCABEZAMIENTO SECUNDARIO--NOMBRE CORPORATIVO
Nombre de entidad o nombre de jurisdicción como elemento inicial Fundación SEPI
Término indicativo de función ed.
9 (RLIN) 3908
710 2# - ENCABEZAMIENTO SECUNDARIO--NOMBRE CORPORATIVO
Nombre de entidad o nombre de jurisdicción como elemento inicial Asociación Española de Economía
9 (RLIN) 1450
780 04 - ENTRADA ANTERIOR
Título Investigaciones económicas
Número de control del registro relacionado (ES-MaCES)26046
780 04 - ENTRADA ANTERIOR
Título Spanish economic review, ISSN 1435-5469
856 4# - ACCESO ELECTRÓNICO
Identificador Uniforme del Recurso (URI) https://link.springer.com/journal/13209/volumes-and-issues
Texto del enlace texto completo desde vol. 1, n. 1-2 (2010)
905 ## - CES. DATOS REVISTA
Formato OL
942 ## - ELEMENTOS KOHA
Fuente de clasificaión o esquema Clasificación propia del CES
Koha [por defecto] tipo de item Periódicas
Parte de clasificación Economía

No hay ítems disponibles.

© CES, Consejo Económico y Social de España 2021